00627nam a22001337a 4500008004100000040005500041080002300096245009600119260005700215300001000272500017900282650001500461653001700476230504b |||||||| |||| 00| 0 eng d aNational Science LibrarycNational Science Library a061.2:92(42)bJ8.1 aBiographical memoirs of fellows of the royal societyc/ The Royal Society Burlington House aLondon: bThe Royal Society Burlington House, c1955 a263p. aVol. 1; 263p. Vol. 1; 263p. Vol. 3; 328p. Vol. 5; 279p. Vol. 6; 295p. Vol. 7; 363p. Vol. 10; 388p. Vol. 10; 388p. Vol. 12; 564p. Vol. 12; 402p. Vol. 14; 467p. Vol. 20; 504p.  aManagement aBiographical